| 000 | 00678nam a22002177a 4500 | ||
|---|---|---|---|
| 003 | UA-OsUOA | ||
| 001 | 117807 | ||
| 007 | ta | ||
| 008 | 20160615b un ||||| |||| 00| 0 ukr d | ||
| 100 | _aІльків А. | ||
| 090 |
_a82 _bИ99 |
||
| 942 | _cSA | ||
| 040 |
_aUA-OsUOA _bukr _cUA-OsUOA _dUA-OsUOA |
||
| 245 | _aІнтимний епістолярій українських письменників другої половини ХІХ - початку ХХ ст. (жанрові аспекти) | ||
| 300 | _aС.26-35 | ||
| 955 | _a0 | ||
| 041 | _aukr | ||
| 080 | _a82 | ||
| 773 | 0 | _w117805 | |
| 650 | 7 |
_a82 Література. Літературознавство _2UDC |
|
| 999 |
_c403853 _d403853 |
||